000
00325 a2200109 4500
001
ART_40144
005
20260410161753.0
008
260409a
245
1
0
_a
Tratamiento del IVA en operaciones transfronterizas
100
1
_a
Volman, Mario
773
0
_t
Doctrina tributaria
_g
- NÂș 388 (jul. 2012)
_w
REV4296
999
_c
19884
_d
19884